| Tag |
First Indicator |
Second Indicator |
Subfields |
| LEADER |
00000cam a2200000 4500 |
| 001 |
in00000075264 |
| 005 |
20230927132613.0 |
| 008 |
860630s1963 njua b 000 0 eng |
| 010 |
|
|
|a 63014716
|
| 015 |
|
|
|a GB6419812
|2 bnb
|
| 019 |
|
|
|a 246336
|a 806814
|a 977060423
|a 1170095476
|a 1201605143
|a 1225824115
|
| 029 |
1 |
|
|a AU@
|b 000008802837
|
| 029 |
1 |
|
|a DEBSZ
|b 080560881
|
| 029 |
1 |
|
|a ZWZ
|b 058509070
|
| 035 |
|
|
|a (OCoLC)ocm13803858
|
| 035 |
|
|
|a (OCoLC)13803858
|z (OCoLC)246336
|z (OCoLC)806814
|z (OCoLC)977060423
|z (OCoLC)1170095476
|z (OCoLC)1201605143
|z (OCoLC)1225824115
|
| 035 |
|
|
|a (OCoLC)ocm13803858
|
| 040 |
|
|
|a DLC
|b eng
|c CIN
|d WSU
|d SER
|d UKM
|d VXX
|d EL$
|d OCL
|d LVB
|d STF
|d AU@
|d OCLCQ
|d OCLCF
|d OCLCQ
|d OCLCO
|d OCLCQ
|d CNUTO
|d OCLCQ
|d CSJ
|d OCLCQ
|d NJR
|d OCLCQ
|d LUN
|d OCLCO
|d OCLCQ
|d OCL
|
| 043 |
|
|
|a n-us---
|
| 050 |
0 |
0 |
|a HG181
|b .P72
|
| 082 |
0 |
4 |
|a 332.10973
|2 18
|
| 245 |
0 |
0 |
|a Private financial institutions;
|b a series of research studies prepared for the Commission on Money and Credit.
|c [By] Paul M. Horvitz [and others].
|
| 260 |
|
|
|a Englewood Cliffs, N.J.,
|b Prentice-Hall
|c [©1963]
|
| 300 |
|
|
|a 460 pages
|b diagrams, tables
|c 24 cm
|
| 336 |
|
|
|a text
|b txt
|2 rdacontent
|
| 337 |
|
|
|a unmediated
|b n
|2 rdamedia
|
| 338 |
|
|
|a volume
|b nc
|2 rdacarrier
|
| 490 |
1 |
|
|a CMC supporting papers
|
| 490 |
1 |
|
|a The Library of Money and credit. Monetary and fiscal policy
|
| 500 |
|
|
|a "Especially prepared for the Commission on Money and Credit as part of its research program leading to the publication in June 1961 of its final report: Money and credit: Their influence on jobs, prices, and growth."
|
| 504 |
|
|
|a Includes bibliographical references.
|
| 505 |
0 |
|
|a Economies of scale in banking, by P.M. Horvitz. -- The structure of competition in commercial banking in the United States, by D. Carson and P.H. Cootner. -- Portfolio regulations and policies of financial intermediaries, by T.G. Gies, and others. -- Market shares and competition among financial institutions by L.L. Werboff and others. -- A new look at foreign and international banking in the United States, by F.H. Klopstock. -- The impact of Federal taxation on the flow of personal savings through investment intermediaries. by E.G. Keith.
|
| 583 |
|
|
|a commitment to retain
|c 20151204
|2 pda
|5 OTUTLD
|
| 650 |
|
0 |
|a Banks and banking
|z United States.
|
| 650 |
|
0 |
|a Finance
|z United States.
|
| 650 |
|
0 |
|a Financial institutions
|z United States.
|
| 650 |
|
6 |
|a Banques
|z États-Unis.
|
| 650 |
|
6 |
|a Institutions financières
|z États-Unis.
|
| 650 |
|
7 |
|a Financial institutions.
|2 fast
|0 (OCoLC)fst00924636
|
| 650 |
|
7 |
|a Banks and banking.
|2 fast
|0 (OCoLC)fst00826867
|
| 650 |
|
7 |
|a Finance.
|2 fast
|0 (OCoLC)fst00924349
|
| 651 |
|
7 |
|a United States.
|2 fast
|0 (OCoLC)fst01204155
|
| 700 |
1 |
|
|a Horvitz, Paul M.
|
| 710 |
2 |
|
|a Commission on Money and Credit.
|
| 776 |
0 |
8 |
|i Online version:
|t Private financial institutions.
|d Englewood Cliffs, N.J., Prentice-Hall [©1963]
|w (OCoLC)652294481
|
| 830 |
|
0 |
|a CMC supporting papers.
|
| 830 |
|
0 |
|a Library of Money and credit.
|p Monetary and fiscal policy.
|
| 948 |
|
|
|h HELD BY TXA - 398 OTHER HOLDINGS
|
| 994 |
|
|
|a Z0
|b TXA
|
| 999 |
f |
f |
|s e5229703-2a89-38e1-9ca1-42dedad712ab
|i 9792b0d7-d33c-368d-b52c-d323d8003e77
|t 0
|
| 952 |
f |
f |
|p ric
|a Texas A&M University
|b Rellis Campus
|c Joint Library Facility
|s JLF
|d Remote Storage
|t 0
|e HG181 .P72
|h Library of Congress classification
|i unmediated -- volume
|m A14800728728
|